XXIVth International Congress of pure and applied chemistry / (Record no. 735)
[ view plain ]
| 000 -LEADER | |
|---|---|
| fixed length control field | 00319nam a22001217a 4500 |
| 020 ## - ISBN | |
| International Standard Book Number | 0408705795 |
| 050 00 - LIBRARY OF CONGRESS CALL NUMBER | |
| Classification Number | TD511 |
| Item Number | .T9 1973 |
| 245 20 - TITLE | |
| Title | XXIVth International Congress of pure and applied chemistry / |
| 260 ## - PUBLICATION, DISTRIBUTION, ETC.(IMPRINT) | |
| Place of publication, distribution, etc | London : |
| Name of publisher, distributor, etc | Butterworths, |
| Date of publication, distribution, etc | c1974 |
| 300 ## - PHYSICAL DESCRIPTION | |
| Extent | 150 p. |
| 650 0# - SUBJECT--TOPIC | |
| Topical term following geographic name as entry element | Chemistry. |
| General subdivision | Congresses. |
| 942 ## - ADDED ENTRY ELEMENTS(KOHA) | |
| Koha item type | General circulation |
| Source of classification or shelving scheme | Not for loan | Location (home branch) | Sublocation (holding branch) | Date accessioned | Cost, normal purchase price | Full call number | Barcode | Cost, replacement price | Nonpublic note | Koha item type | Public note |
|---|---|---|---|---|---|---|---|---|---|---|---|
| Library of Congress Classification | Main Campus Library | Main Campus Library | 12/08/2014 | 1600.00 | TD 511 .T9 | 2019/024940 | 2100.00 | Rono | General circulation | Rono |